| 000 | 00557nam a22001817a 4500 | ||
|---|---|---|---|
| 999 |
_c166673 _d166673 |
||
| 010 | _aENG-126120 | ||
| 020 |
_a978-93-81092-53-8 _c450.00 |
||
| 035 | _aEN-109652 | ||
| 037 | _bDBAD/PUB | ||
| 082 | _a954.03590924 | ||
| 100 | _aGoswami,Arjun | ||
| 245 |
_aGandhi And The Pratition Of India/ _cbyArjun Goswami |
||
| 260 |
_aKolkata _bAkansha Publisher & Distributor _c2016 |
||
| 270 |
_a14,South Park,Sontoshpur _bKolkata _e700075 |
||
| 300 |
_a144p. _b21cm(hb) _cill. |
||
| 700 | _aArjun Goswami | ||
| 942 |
_2ddc _cEN _h954.03590924 _mGOS |
||